00544 2200181 4500001002100000005001700021008004100038035002400079040001200103082002100115090002700136245005800163260005400221300002300275650003000298850001200328990002200340INLIS00000000002447420170406101449.0  0010-121600000000060 aYOPDYOG 223a352.09598234 aDEP 352.09598234 Sle H aHimpunan peraturan daerah kabupaten Sleman tahun 2006 aSlemanbBagian Hukum Setda Kabupaten Slemanc2007 a285 hlm.c; 21 cm. aPeraturan daerah - Sleman aYOPDYOG aCB-D.11/2007-1141